ბათუმის შოთა რუსთაველის სახელმწიფო უნივერსიტეტის ბიბლიოთეკა

Journal of Linguistics : (ბიბ.ჩანაწერი № 57995)

000 -LEADER
fixed length control field 00620nam a22001937a 4500
005 - DATE AND TIME OF LATEST TRANSACTION
control field 20210419163931.0
008 - FIXED-LENGTH DATA ELEMENTS--GENERAL INFORMATION
fixed length control field 210419c2020 enk||||| |||| 00| 0 eng d
022 ## - INTERNATIONAL STANDARD SERIAL NUMBER
International Standard Serial Number 00222267
041 ## - LANGUAGE CODE
Language code of text/sound track or separate title eng
245 ## - TITLE STATEMENT
Title Journal of Linguistics :
Remainder of title 2020 /
Statement of responsibility, etc. Editors Kersti Borjars ; Helen de Hoop.
260 ## - PUBLICATION, DISTRIBUTION, ETC.
Place of publication, distribution, etc. CAMBRIDGE,
Date of publication, distribution, etc. 2020.
300 ## - PHYSICAL DESCRIPTION
Extent V.
653 ## - INDEX TERM--UNCONTROLLED
Uncontrolled term პერიოდიკა |
653 ## - INDEX TERM--UNCONTROLLED
Uncontrolled term Journal of Linguistics
653 ## - INDEX TERM--UNCONTROLLED
Uncontrolled term ლინგვისტიკა
700 ## - ADDED ENTRY--PERSONAL NAME
Personal name Borjars, Kersti
Relator term რედაქტორი
9 (RLIN) 11443
700 ## - ADDED ENTRY--PERSONAL NAME
Personal name Hoop, Helen
Relator term რედაქტორი
9 (RLIN) 2460
942 ## - ADDED ENTRY ELEMENTS (KOHA)
Source of classification or shelving scheme
Koha item type პერიოდიკა
ეგზემპლარები
Withdrawn status Lost status Source of classification or shelving scheme Damaged status Not for loan Permanent Location Current Location Date acquired Serial Enumeration / chronology Barcode Date last seen Copy number Price effective from Koha item type
        შიდა ფონდი ბათუმის შოთა რუსთაველის სახელმწიფო უნივერსიტეტის მთავარი ბიბლიოთეკა ბათუმის შოთა რუსთაველის სახელმწიფო უნივერსიტეტის მთავარი ბიბლიოთეკა 2021-04-19 № 3. 2020 (Volume 56 August) 80760 2021-04-19 80760 2021-04-19 პერიოდიკა
        შიდა ფონდი ბათუმის შოთა რუსთაველის სახელმწიფო უნივერსიტეტის მთავარი ბიბლიოთეკა ბათუმის შოთა რუსთაველის სახელმწიფო უნივერსიტეტის მთავარი ბიბლიოთეკა 2021-04-19 № 4. 2020 (Volume 56 November) 80759 2021-04-19 80759 2021-04-19 პერიოდიკა
        შიდა ფონდი ბათუმის შოთა რუსთაველის სახელმწიფო უნივერსიტეტის მთავარი ბიბლიოთეკა ბათუმის შოთა რუსთაველის სახელმწიფო უნივერსიტეტის მთავარი ბიბლიოთეკა 2021-06-22 № 1. 2020 (Volume 56 February) p 80824 2021-06-22 80824 2021-06-22 პერიოდიკა
        შიდა ფონდი ბათუმის შოთა რუსთაველის სახელმწიფო უნივერსიტეტის მთავარი ბიბლიოთეკა ბათუმის შოთა რუსთაველის სახელმწიფო უნივერსიტეტის მთავარი ბიბლიოთეკა 2021-06-22 № 2. 2020 (Volume 56 April) p 80825 2021-06-22 80825 2021-06-22 პერიოდიკა